Statistics for 中国所有世界遗产 All world heritage sites in China

Click here to take the quiz!

General Stats

  • This quiz has been taken 252 times
  • The average score is 25 of 57

Answer Stats

省份列入年份类型世界遗产% Correct
北京 | 辽宁1987 2004文化明清故宫(北京故宫、沈阳故宫)
95%
黑龙江 | 辽宁 | 吉林 | 河北 | 河南 | 北京 | 天津 | 陕西 | 山东 | 内蒙古 | 陕西 | 宁夏 | 甘肃 | 新疆1987文化长城
90%
陕西1987文化秦始皇陵及兵马俑坑
88%
山东1987文化与自然泰山
83%
西藏1994 2000 2001文化拉萨布达拉宫历史建筑群
80%
安徽1990文化与自然黄山
79%
北京1998文化北京皇家园林-颐和园
74%
甘肃1987文化莫高窟
73%
浙江2011文化杭州西湖文化景观
64%
北京1998文化北京皇家祭坛-天坛
64%
四川1996文化与自然峨眉山-乐山大佛
62%
四川1992自然九寨沟风景名胜区
61%
四川2000文化青城山-都江堰
59%
山东1994文化曲阜孔庙、孔林和孔府
57%
福建1999文化与自然武夷山
57%
云南1997文化丽江古城
55%
河南2000文化龙门石窟
55%
湖北2016自然湖北神农架
53%
北京 | 天津 | 河北 | 山东 | 江苏 | 浙江 | 安徽 | 河南2014文化大运河
52%
云南 | 贵州 | 重庆2007 2014自然中国南方喀斯特
52%
福建2008文化福建土楼
51%
福建2017文化鼓浪屿:历史国际社区
49%
新疆2013自然新疆天山
47%
多省 | 国际2014文化丝绸之路:长安-天山廊道的路网
47%
河北1994文化承德避暑山庄及其周围寺庙
46%
江苏1997 2000文化苏州古典园林
45%
广东 | 浙江 | 江西 | 福建 | 湖南 | 贵州2010自然中国丹霞
45%
山西1997文化平遥古城
44%
山西2001文化云冈石窟
44%
江西1996文化庐山国家公园
40%
云南2003自然云南三江并流保护区
36%
澳门2005文化澳门历史城区
36%
青海2017自然青海可可西里
36%
湖北1994文化武当山古建筑群
34%
福建2021文化泉州:宋元中国的世界海洋商贸中心
34%
湖北 | 河北 | 江苏 | 北京 | 辽宁2000 2003 2004文化明清皇家陵寝
33%
安徽2000文化皖南古村落-西递、宏村
33%
四川2006自然四川大熊猫栖息地
30%
重庆1999文化大足石刻
30%
河南2006文化殷墟
30%
北京1987文化周口店北京人遗址
29%
浙江2019文化良渚古城遗址
29%
贵州2018自然梵净山
29%
四川1992自然黄龙风景名胜区
27%
山西2009文化五台山
26%
广东2007文化开平碉楼与村落
26%
辽宁 | 吉林2004文化高句丽王城、王陵及贵族墓葬
26%
湖南1992自然武陵源风景名胜区
26%
江西2008自然三清山国家公园
25%
河南2010文化登封“天地之中”历史古迹
24%
内蒙古2012文化元上都遗址
19%
贵州 | 湖南 | 湖北2015文化土司遗址
18%
云南2013文化红河哈尼梯田
18%
江苏2019自然中国黄(渤)海候鸟栖息地(第一期)
14%
广西2016文化左江花山岩画文化景观
13%
云南2012自然澄江化石遗址
11%
云南2023文化普洱景迈山古茶林文化景观
11%

Score Distribution

Percentile by Number Answered

Percent of People with Each Score

Your Score History

You have not taken this quiz